000 00651nam a2200205Ii 4500
003 JO-AjNU
008 230605s9999||||xx |||||||||||||| ||und||
040 _aJO-AjNU
_bara
_erda
_cJO-AjNU
041 _aara
050 1 4 _aNC85.M8322 2006
100 3 _aالمفتي , أحمد تأليف,
_eauthor
_917434
245 0 0 _aفن الرسم بالفحم
250 _aط2
264 3 1 _aدمشق:دار دمشق للطباعة والنشر والتوزيع,2006
300 _a192ص
336 _atext
_btxt
_2rdacontent
337 _aunmediated
_bn
_2rdamedia
338 _avolume
_bnc
_2rdacarrier
650 4 _aفن-الرسم بالفحم-فنون
_917435
999 _aA5383
_c8951
_d8951